LEADER 01129nam a2200217 i 4500 001 000000214955 003 CaOOAMICUS 005 20120822000000.0 008 120822s1892 it u000 u ger u 013 $a193827 040 $aSeMil$bita 100 1 $aEgidio : di Assisi .$0(OLS)http://semarc/name/49639 245 14$aDie erzählenden Zeitformen bei Polybios :$bein Beitrag zur Syntax der gemeingriechischen Sprache /$cvon Friedrich Hultsch. 260 $aLeipzig :$bS. Hirzel,$c1892. 300 $aP. 350-467 ;$c28 cm. 650 4$aPolybius - Opere - Lingua greca - Tempi.$0(OLS)http://semarc/subject/40082 773 0 $tAbhandlungen der Philologisch-Historischen Classe der Königlich Sächsischen Gesellschaft der Wissenschaften.$dLeipzig : S. Hirzel, 1850.$gBd.13$w()24430 850 $aSeMil 852 $aSeMil$W1$xVenegono$y1$m1X VI 34 FA$j165376$B165376$CSeMilBibl$Z2$F176789 $8I 996 $6245$aDie erzählenden Zeitformen bei Polybios :$bein Beitrag zur Syntax der gemeingriechischen Sprache$9(OLS)http://semarc/title/309659 996 $6260$aLeipzig :$bS. Hirzel$9(OLS)http://semarc/publisher/30567 LEADER 01049nam a2200241 i 4500 001 000000232506 003 CaOOAMICUS 005 20250122145253.0 008 140829s1836 it u000 u ita u 013 $a211409 040 $aSeMil$bita 110 2 $aBibbia.$0(OLS)http://semarc/name/5326 245 13$aLa Sacra Bibbia, che contiene il Vecchio e il Nuovo Testamento /$ctradotto in lingua italiana da Giovanni Diodati. 260 $a[S.l. :$bs.n.],$c1836. 300 $a902, 252 p. ;$c16 cm. 650 4$aBibbia - Traduzione Diodati.$0(OLS)http://semarc/subject/29697 650 4$aBibbia - NT - Traduzioni italiane.$0(OLS)http://semarc/subject/4756 700 1 $aDiodati, Giovanni,$d<1576-1649>.$0(OLS)http://semarc/name/4478 850 $aSeMil 852 $aSeMil$W1$xVenegono$y1$m2Y I 56 FA$j182852$B182852$CSeMilBibl$Z2$F193874 $8I 996 $6245$aLa Sacra Bibbia, che contiene il Vecchio e il Nuovo Testamento$9(OLS)http://semarc/title/331765 996 $6260$a[S.l. :$bs.n.]$9(OLS)http://semarc/publisher/29751